Nuun (Record no. 46142)
[ view plain ]
| 000 -Etiqueta do registo | |
|---|---|
| Valores | 00469nam a2200157 4500 |
| 100 ## - Dados gerais de processamento | |
| Dados gerais | 20260528 pory50 |
| 101 ## - Língua de publicação | |
| Língua | esp |
| 102 ## - País de publicação | |
| País | FR |
| 200 ## - Titulo e menção de responsabilidade | |
| Título próprio | Nuun |
| Informação de outro título | el niño de la prehistoria |
| Primeira menção de responsabilidade | il. Gemma Sales , texto Michel Vaidis |
| Outras menções de responsabilidade | assec. cient.Laboratorio de Prehistoria del Musée de l' Homme |
| -- | trad. G. Sales Amil |
| 210 ## - Publicação | |
| Local de publicação | Vic-en-Bigorre |
| Nome do editor | MSM |
| Data de publicação | 2006 |
| 215 ## - Descrição física | |
| Paginação / Volumes | 1 v. |
| Outras indicações físicas | il. |
| 675 ## - CDU | |
| Notação | 82-93 |
| 801 ## - Fonte de origem | |
| País | PT |
| Regras de catalogação | RPC |
| 990 ## - Elementos KOHA | |
| Tipo de documento | Livro |
| Aquisição | Empréstimo | Código de barras | Cota | Permissão de empréstimo | Tipo de documento | Nota relativa ao exemplar |
|---|---|---|---|---|---|---|
| Biblioteca Escolar Doutor Hernâni Cidade | Biblioteca Escolar Doutor Hernâni Cidade | 83036 | 82-93 AA.VV. LIT. INF. JUV. | Livro | obra em Espanhol |